| 000 | 00807nam a2200265 c 4500 | ||
|---|---|---|---|
| 999 |
_c333258 _d333258 |
||
| 003 | BLK | ||
| 005 | 20190722123007.0 | ||
| 008 | 180408b bul|||||r ||||||| ||bul|| | ||
| 010 | _aKNG00045474000 | ||
| 020 | _a9780192812056 | ||
| 040 | _aBLK | ||
| 041 |
_aFRE _cFRE |
||
| 080 |
_aТеория, философия, произход и развитие на езика _b81`1 _z81`1 |
||
| 100 | 1 |
_aAustin, J. L. _eпърви автор _94119 |
|
| 139 | _aAustin, J. L. | ||
| 245 | 1 | 0 |
_aHow To Do Things With Words _bThe William James Lectures delivered at harvard University in 1955 _cJ. L. Austin. |
| 250 | _a2. Ed. | ||
| 260 |
_bOxford Univ. Press _c1990 _9209826 _aOxford _n978-0-19- |
||
| 300 |
_a182 c. _c19 cm |
||
| 380 | _a80 | ||
| 856 | 4 | _qpdf | |
| 856 | 4 | _qpdf | |
| 942 |
_cKNG _n0 _02 _s1 |
||
| 944 |
_aCR _c01.01.1999 _kAB_DOS |
||
| 944 |
_aED _c15.01.2003 |
||
| 999 | _d333258 | ||
| 999 | _d41877 | ||
| 999 | _d41877 | ||